Soviet statistics (Record no. 413967)

000 -LEADER
fixed length control field 00320cam a22001217a 4500
008 - FIXED-LENGTH DATA ELEMENTS--GENERAL INFORMATION
fixed length control field 180718b1957 xxu||||| |||| 00| 0 eng d
082 ## - DEWEY DECIMAL CLASSIFICATION NUMBER
Classification number A8x47 Y35
100 ## - MAIN ENTRY--PERSONAL NAME
Personal name Yezhov,A.
245 ## - TITLE STATEMENT
Title Soviet statistics
Statement of responsibility, etc. by A.Yezhov
260 ## - PUBLICATION, DISTRIBUTION, ETC.
Place of publication, distribution, etc. Moscow
Name of publisher, distributor, etc. Foreign languages
Date of publication, distribution, etc. 1957
300 ## - PHYSICAL DESCRIPTION
Extent 132p.
650 ## - SUBJECT ADDED ENTRY--TOPICAL TERM
Topical term or geographic name entry element Soviet Union -Statistics.
Holdings
Withdrawn status Lost status Damaged status Not for loan Permanent Location Current Location Date acquired Full call number Barcode Date last seen Price effective from Koha item type
        Indian Institute of Public Administration Indian Institute of Public Administration 2009-02-20 A8x47 Y35 10911 2018-07-21 2018-07-21 Book

Powered by Koha